Countries with the Most Deaths from the Deadliest Floods - Statistics

General Stats
  • This quiz has been taken 533 times
  • The average score is 13 of 22
Answer Stats
Flood Deaths Country % Correct
2,965,785-7,365,785 China
96%
30,326-42,326+ India
96%
4,395 United States
95%
7,011 Japan
87%
2,912 Brazil
83%
10,282 Russia
82%
5,586-5,986+ Pakistan
79%
2,677 United Kingdom
77%
36,134+ Bangladesh
76%
100,780 Vietnam
69%
4,557 Philippines
66%
50,000+ Germany
63%
10,407 Iran
56%
8,396-10,796 Peru
51%
20,006 Venezuela
41%
315,758-345,758+ Netherlands
36%
3,337 Haiti
35%
3,172 Afghanistan
33%
thousands Belgium
30%
thousands Denmark
27%
40,000 Guatemala
19%
2,827-3,827 Algeria
13%
No matching quizzes found
Score Distribution
Percent of People with Each Score
Percentile by Number Answered
Your Score History
You have not taken this quiz